000 00609nam a2200217Ia 4500
003 OSt
005 20240805111735.0
008 210707s1982 xx 000 0 und d
040 _cAL
041 _aHindi
082 _aH891.9 KOSB
100 _aKOSAMBI (Dharmanand)
_dधर्मानंद कोसंबी
_9175121
245 _aBhagvan budd.
_bभगवान बुद्ध
260 _aIlahabad
_bLokbharati Prakashan
_c1982
300 _a341 p
563 _aHB
650 _aHindi Criticism
_9175122
650 _aHindi Literature
_9175123
906 _aBhagvan budd.
942 _2ddc
_cBK
999 _c180319
_d180319